Living creatively as an older adult / (Record no. 2433)
[ view plain ]
| 000 -LEADER | |
|---|---|
| fixed length control field | 00826cam a2200301 i 4500 |
| 001 - CONTROL NUMBER | |
| control field | 83236 |
| 003 - CONTROL NUMBER IDENTIFIER | |
| control field | GBCCL |
| 005 - DATE AND TIME OF LATEST TRANSACTION | |
| control field | 20241126110429.0 |
| 008 - FIXED-LENGTH DATA ELEMENTS--GENERAL INFORMATION | |
| fixed length control field | 801222s1975 pauc b 00000 eng d |
| 010 ## - | |
| -- | 75022590 |
| 020 ## - INTERNATIONAL STANDARD BOOK NUMBER | |
| International Standard Book Number | 0836117808 |
| 035 ## - SYSTEM CONTROL NUMBER | |
| System control number | (OCoLC)ocn687813510 |
| 035 ## - SYSTEM CONTROL NUMBER | |
| System control number | (CStRLIN)CTYG2301710-B |
| 035 ## - SYSTEM CONTROL NUMBER | |
| System control number | 83236 |
| 040 ## - CATALOGING SOURCE | |
| Original cataloging agency | DHU |
| Transcribing agency | DHU |
| Modifying agency | CtY |
| 082 ## - DEWEY DECIMAL CLASSIFICATION NUMBER | |
| Classification number | 248.85 |
| Item number | ASQ |
| 090 ## - LOCALLY ASSIGNED LC-TYPE CALL NUMBER (OCLC); LOCAL CALL NUMBER (RLIN) | |
| Classification number (OCLC) (R) ; Classification number, CALL (RLIN) (NR) | HQ1061 |
| Local cutter number (OCLC) ; Book number/undivided call number, CALL (RLIN) | .A66 |
| 100 1# - MAIN ENTRY--PERSONAL NAME | |
| Personal name | Asquith, Glenn H. |
| 9 (RLIN) | 5034 |
| 245 10 - TITLE STATEMENT | |
| Title | Living creatively as an older adult / |
| Statement of responsibility, etc. | by Glenn H. Asquith. |
| 260 0# - PUBLICATION, DISTRIBUTION, ETC. | |
| Place of publication, distribution, etc. | Scottdale, : |
| Name of publisher, distributor, etc. | Herald Press, |
| Date of publication, distribution, etc. | 1975. |
| 300 ## - PHYSICAL DESCRIPTION | |
| Extent | 178 p. : |
| Other physical details | port. ; |
| Dimensions | 18 cm. |
| 490 0# - SERIES STATEMENT | |
| Series statement | A Herald press original. |
| 504 ## - BIBLIOGRAPHY, ETC. NOTE | |
| Bibliography, etc. note | Includes bibliographical references. |
| 650 #0 - SUBJECT ADDED ENTRY--TOPICAL TERM | |
| Topical term or geographic name entry element | Old age. |
| 9 (RLIN) | 5035 |
| 650 #0 - SUBJECT ADDED ENTRY--TOPICAL TERM | |
| Topical term or geographic name entry element | Older people. |
| 9 (RLIN) | 5036 |
| 942 ## - ADDED ENTRY ELEMENTS (KOHA) | |
| Source of classification or shelving scheme | Dewey Decimal Classification |
| Koha item type | Books |
| 948 ## - LOCAL PROCESSING INFORMATION (OCLC); SERIES PART DESIGNATOR (RLIN) | |
| Series part designator, SPT (RLIN) | OCLC |
| Withdrawn status | Lost status | Source of classification or shelving scheme | Damaged status | Not for loan | Home library | Current Library | Shelving location | Date acquired | Total checkouts | Full call number | Barcode | Date last seen | Copy number | Price effective from | Koha item type |
|---|---|---|---|---|---|---|---|---|---|---|---|---|---|---|---|
| Dewey Decimal Classification | GRACE BIBLE COLLEGE | GRACE BIBLE COLLEGE | Ministry & Mission | 2017-08-14 | 248.85 ASQ | 001783 | 2025-05-01 | c.1 | 2017-08-14 | Books |